LEADER 00812nam0-2200301 --450 001 9911039529203321 005 20251113110601.0 010 $a88-16-61001-8 020 $aIT$b86-533 100 $a20251113d1986----kmuy0itay5050 ba 101 1 $aita 102 $aIT 105 $aa 001yy 200 1 $aMarcel Duchamp$fJean-Cristophe Bailly 210 $aMilano$cJaca book$d1986 215 $a119 p.$cill.$d18 cm 225 1 $aArt library 300 $aTraduzione di Antonella Montenovesi 610 0 $aDuchamp, Marcel 676 $a709.24$v19 700 1$aBailly,$bJean-Christophe$f<1949- >$0166862 801 0$aIT$bUNINA$gREICAT$2UNIMARC 901 $aBK 912 $a9911039529203321 952 $aRDF 1710$bRDF 1769$fDARST 959 $aDARST 996 $aMarcel Duchamp$94453228 997 $aUNINA